le XXe siècle en 20 dates - Statistiques

Statistiques générales
  • Ce quiz a été pris 780 fois
  • Le résultat moyen est 12 sur 20
Statistiques - réponses
évènements dates % Correct
Première Guerre mondiale (début-fin) 1914-1918
100%
Seconde Guerre mondiale (début-fin) 1939-1945
91%
Arrivée au pouvoir d'Adolf Hitler 1933
90%
Chute du mur de Berlin 1989
90%
dissolution de l'URSS 1991
86%
Révolution russe 1917
76%
Assassinat de John F. Kennedy 1963
74%
Apollo 11 1969
74%
premier homme dans l'espace 1961
71%
traité de Versailles 1919
70%
accident de Tchernobyl 1986
62%
plan Marshall 1947
61%
crise des missiles de Cuba 1962
61%
Génocide des Arméniens 1915
54%
premier choc pétrolier 1973
51%
chute de l'Empire ottoman 1923
42%
naissance d'Internet 1983
32%
Théorie de la relativité restreinte d'Albert Eisntein 1905
16%
Guerre du Viêt Nam 1955-1975
14%
Révolution chinoise 1911
9%
Aucun quiz correspondant
Distribution des résultats
% des personnes avec chaque résultat
Percentile par nombre de réponses
Votre historique - résultats
Vous n’avez pas pris ce quiz